| 000 | 00633namaa2200169 4500 | ||
|---|---|---|---|
| 001 | 176521 | ||
| 003 | ES-MaACL | ||
| 005 | 20230906220115.0 | ||
| 008 | 110120s1885 sp |||| | spa d | ||
| 080 | _a338.45(729.5):663.97 | ||
| 245 | 0 | 3 | _aLa cuestión tabaquera en Puerto Rico. |
| 260 |
_a[S.l.] : _b[s.n.], _c1885 ( _eMadrid : _fImp. y Fundición de Manuel Tello) |
||
| 300 |
_a31 p. ; _c22 cm. |
||
| 650 | 4 |
_aIndustria tabaquera- _zPuerto Rico. _9144817 |
|
| 852 |
_aES-MaACL _jT-427-F-14 |
||
| 856 | 4 | 1 |
_uhttp://bibliotecadigitalhispanica.bne.es:80/webclient/DeliveryManager?pid=2171404&custom_att_2=simple_viewer _zIr a la página |
| 999 |
_c176521 _d176521 |
||